000 01325cam a2200373 a 4500
001 39130196
003 OCoLC
005 20260109043501.0
008 980428s1998 nyua b 000 1 eng
010 _a98024100
020 _a9780590706469
020 _a0679890629 (pbk.)
020 _a0679990623 (lib. bdg.)
040 _aDLC
_cDLC
_dOCL
042 _alcac
050 0 0 _aPZ7.O81167
_bHo 1998
092 _aJ
_bFICTION OSBORNE
100 1 _aOsborne, Mary Pope.
245 1 0 _aHour of the Olympics
_n16 /
_cby Mary Pope Osborne ; illustrated by Sal Murdocca.
260 _aNew York :
_bRandom House,
_cc1998.
300 _a70 p. :
_bill. ;
_c19 cm.
440 0 _aMagic tree house series ;
_v16.
500 _a"A Stepping Stone book."
520 _aTheir magic tree house takes Jack and Annie back to retrieve a lost story in ancient Greece, where they witness the original Olympic games and are surprised to find what girls of the time were not allowed to do.
521 0 _a"RL:2.3"--cover p. [4].
650 1 _aOlympics
_vJuvenile fiction.
650 1 _aTime travel
_vJuvenile fiction.
650 1 _aSex role
_vJuvenile fiction.
650 1 _aMagic
_vJuvenile fiction.
650 1 _aTree houses
_vJuvenile fiction.
651 1 _aGreece
_vJuvenile fiction.
700 1 _aMurdocca, Sal.
_4ill.
942 _cBK
999 _c31439
_d31437